Problematické srovnání Podpora zemědělství u nás a v zahraničí

Podpora poľnohospodárstva v Českej republike. Rozdielny prístup k subvencovaniu poľnohospodárstva vo vyspelých krajinách OECD. Metóda výpočtu tzv. "ekvivalentov produkčných subvencií" (EPS) a "ekvivalentov spotrebiteľských subvencií" (ESS) - používa sa pri analyzovaní poľnohospodárskych politík kraj...

Descrizione completa

Salvato in:
Dettagli Bibliografici
Autore principale: Vojtěch, V.
Natura: Capitolo di libro
Lingua:ceco
Soggetti:
Tags: Aggiungi Tag
Nessun Tag, puoi essere il primo ad aggiungerne!!

MARC

LEADER 00000naa a2200000 4500
001 r015422
005 20221205090020.2
041 0 |a cze 
044 |a CZ 
245 1 0 |a Problematické srovnání  |b Podpora zemědělství u nás a v zahraničí  |c V. Vojtěch 
520 |a Podpora poľnohospodárstva v Českej republike. Rozdielny prístup k subvencovaniu poľnohospodárstva vo vyspelých krajinách OECD. Metóda výpočtu tzv. "ekvivalentov produkčných subvencií" (EPS) a "ekvivalentov spotrebiteľských subvencií" (ESS) - používa sa pri analyzovaní poľnohospodárskych politík krajín OECD pre meranie úrovne podpory poľnohospodárstva. Celkové transfery do poľnohospodárstva - transfery od daňových poplatníkov a transfery od spotrebiteľov. 
610 2 0 |a poľnohospodárstvo 
610 2 0 |a subvencie 
610 2 0 |a Česko 
610 2 0 |a OECD 
100 1 |a Vojtěch, V.